000 01071nam a2200325 i 4500
003 CO-BoRNBP
005 20220316235947.0
007 ta
008 141017s2003sp sp a0 sgr sp sp spa d
020 _a8424607821
040 _aCO-BoRNBP
_bspa
_erda
_cCO-BoRNBP
041 0 _aspa
082 0 4 _a595.799
_bA71a
_223
100 1 _aAranaga, Susana
_eautora
245 1 4 _aLas abejas
_cSusanna Aranega, Joan Portell ; edición, Nuria González ; ilustración, Lluis Farré
250 _aPrimera edición
264 1 _aBarcelona, España
_bLa Galera
_c2003
300 _a31 páginas
_bilustraciones
_c25 cm
336 _atexto
_btxt
_2rdacontent
337 _asin mediación
_bn
_2rdamedia
338 _avolumen
_bnc
_2rdacarrier
490 0 _aDescubrimos
_vvolumen 12
650 1 7 _aArtrópodos
_xHábitos y conductas
_2ARMARC
650 1 7 _aZoología
_xEnseñanza elemental
_2ARMARC
650 1 7 _aApicultura
_2ARMARC
700 1 _aPortell, Joan
_eautor
_9203264
700 1 _aGonzález, Nuria
_eeditor
_9203265
700 1 _aFarré, Lluís
_eilustrador
_9203266
942 _2ddc
_cBK
999 _c2746
_d2746